| 000 | 00643ntaaa2200205 4500 | ||
|---|---|---|---|
| 003 | 01 | ||
| 005 | 20251027203047.0 | ||
| 008 | 0714s1973 ag 01 | ||
| 040 |
_aAR-BaBN _bspa _cAR-BaBN _eaacr _dRIC |
||
| 082 | _a230.0000 W89o11 | ||
| 100 |
_aWorld Evangelical Fellowship. Theological Commission, Consultation on the Evangelization of the Poor (New Delhi) 1993 _931828 |
||
| 245 | _aSharing the Good News with the poor | ||
| 250 | _a1 ed. | ||
| 260 |
_aSeoul : _bWEF Theological Commission, _c1993 |
||
| 300 |
_a38 p ; _c21cm |
||
| 500 | _aSe debe cambiar a Sitv | ||
| 650 | _aIglesia y sociedad | ||
| 700 | _aRo, Bong Rin | ||
| 942 | _cBK | ||
| 999 |
_c25989 _d25989 |
||